Top 10 des réseaux sociaux les plus utilisé ! - Statistiques

Statistiques générales
  • Ce quiz a été pris 214 fois
  • Le résultat moyen est 7 sur 10
Statistiques - réponses
Réponse % Correct
2 Instagram
100%
5 Snapchat
99%
1 Facebook
97%
4 TikTok
89%
7 X
85%
3 WhatsApp
78%
6 Messenger
50%
8 Pinterest
35%
9 Discord
29%
10 iMessage
3%
Aucun quiz correspondant
Distribution des résultats
% des personnes avec chaque résultat
Percentile par nombre de réponses
Votre historique - résultats
Vous n’avez pas pris ce quiz